Portland State Alumni - Statistics

General Stats
  • This quiz has been taken 5 times
  • The average score is 3 of 5
Answer Stats
Hint Answer % Correct
Lead vocalist of Hole and wife of Kurt Cobain until his death Courtney Love
100%
Nigerian-American head coach of the Houston Rockets since 2023 (former Celtics head coach) Ime Udoka
60%
CEO of Laika and director of "Bumblebee" "Kubo and the Two Strings" Travis Knight
60%
Governor of Oregon from 1991 to 1995 Barbara Roberts
40%
Designer of the Nike Swoosh logo Carolyn Davidson
40%
No matching quizzes found
Score Distribution
Percent of People with Each Score
Percentile by Number Answered
Your Score History
You have not taken this quiz